| 000 | 01020cab a2200373 4500 | ||
|---|---|---|---|
| 001 | ABS52630 | ||
| 008 | 090401t1995 xxu||||| |||| 00| 0 eng d | ||
| 035 | _a(Sirsi) u87374 | ||
| 041 | _aeng | ||
| 100 | _aGreenwood, J.R. | ||
| 245 | _aFarming taxation - II | ||
| 260 | _c1995 | ||
| 350 | _a0 | ||
| 490 |
_aTaxation _v134(3494) 9 March 1995, 538-540(3) |
||
| 520 | _aContinues Abs52385 in treating aspects of tax computation for farmers. | ||
| 650 | _aCARS | ||
| 650 | _aFARM ACCOMMODATION | ||
| 650 | _aFARMHOUSES | ||
| 650 | _aGRANTS | ||
| 650 | _aPROPERTY-RURAL AND NATURAL ASSETS-AGRICULTURAL PROPERTY-AGRICULTURAL LAND-GRAZING LAND | ||
| 650 | _aHOLIDAY LETTINGS | ||
| 650 | _aMILK QUOTA SUPERLEVY | ||
| 650 | _aMILK QUOTA | ||
| 650 | _aPOOL CARS | ||
| 650 | _aSET-ASIDE RECEIPTS | ||
| 650 | _aSPORTING RIGHTS | ||
| 650 | _aSUBSIDIES | ||
| 650 | _aTAX LIABILITY | ||
| 690 | _aRURAL PRACTICE | ||
| 690 | _aTAXATION | ||
| 700 | _aRamsay, A. | ||
| 942 | _n0 | ||
| 948 | _c04/03/1997 | ||
| 999 |
_c55101 _d55101 |
||